000 00199nam a2200073Ia 4500
008 170524s9999 xx 000 0 und d
100 _aCHANDRA- P
245 0 _aInvestment Analysis and Portfolio Management
260 _bNEW DELHI : TMH
999 _c8496
_d8496